000 00967nam a2200193 4500
999 _c56821
_d56821
003 Ge_BSU
005 20190517185849.0
008 190507s2009 ge ||||| |||| 00| 0 geo d
041 _ageo
080 _a341.7 დ-51
245 _aდიპლომატიური სამართალი ; საკონსულო სამართალი /
_bსახელმძღვ. იურიდ. და საერთაშორისო ურთიერთ. ფაკ. სტუდ.
264 _aთბილისი :
_bბონა კაუზა,
_c2009
300 _a228 გვ. ;
_b20 სმ.
490 _aიურისტის ბიბლიოთეკა
653 _aსამართალი
653 _aსაქართველოს დიპლომატიური სამართალი
653 _aსაქართველოს საკონსულო სამართალი
942 _2udc
_cBK